000
00209 a2200097 4500
001
17133
100
_a
Scott Paul
245
_a
The Mark of the Warrior
260
_a
_b
Granda Pub Ltd
_c
090
_c
12760
_d
12760
942
_a
NUST-CAE
_c
M
_c
3070
999
_c
252206
_d
252206